[Event "World Women-ch k.o."]
[Site "Khanty-Mansiysk"]
[Date "2012.11.22"]
[Round "4.4"]
[White "Sebag, Marie"]
[Black "Stefanova, Antoaneta"]
[Result "0-1"]
[WhiteElo "2521"]
[BlackElo "2491"]
[Annotator "Mikhalchishin,A"]
[PlyCount "90"]
[EventDate "2012.11.11"]
[EventType "k.o."]
[EventRounds "6"]
[EventCountry "RUS"]
[SourceTitle "CBM 152"]
[Source "ChessBase"]
[SourceDate "2013.01.15"]
[SourceVersion "1"]
[SourceVersionDate "2013.01.15"]
[SourceQuality "1"]

1. e4 e5 2. Nf3 Nc6 3. Bb5 a6 4. Ba4 Nf6 5. O-O b5 6. Bb3 Bb7 7. d3 Be7 8. a4
O-O 9. Re1 d6 10. Nbd2 Na5 11. Ba2 c5 12. Nf1 b4 {Of course, this is logical
and other moves do not promise Black comfortable play.} (12... Bc8 13. Ne3 (13.
c3 $5 Bd7 14. Ne3 (14. d4) (14. axb5) 14... Qc7 $6 (14... bxa4) 15. axb5 $1
axb5 16. b4 Nb7 17. Bd2 $14 Nd8 $1 18. Bb3 (18. h3 $5) 18... Rxa1 19. Qxa1 Re8
$1 20. bxc5 $5 Qxc5 21. Qa2 h6 $1 22. h3 Ne6 23. Nd5 Nxd5 24. Bxd5 Qc8 $1 {
Leko,P (2740)-Ivanchuk,V (2725)/Morelia/Linares 2006; and Black is still
fighting for full equality.})) (12... Re8 13. Ne3 $5 (13. Ng3) 13... h6 14. Bd2
c4 (14... b4 15. Nh4 $1 Nxe4 16. dxe4 Bxh4 17. Qh5 $40) 15. Bc3 $5 Qb6 16. Nd2
$1 Nc6 {Kasparov,G (2849)-Leko,P (2745)/Linares 2001; and Black is close to
equality.}) 13. c3 {This is a logical plan to start attacking the opponent's
pawn structure. Other plans are less direct:} (13. Bd2 Rb8 14. Ne3 Bc8 15. Nc4
(15. h3) (15. c3) 15... Nc6 16. c3 h6 17. h3 Be6 18. a5 bxc3 19. bxc3 Nd7 20.
Qa4 Qc7 21. Ne3 {Sebag,M (2521)-Stefanova,A (2491)/Khanty-Mansiysk RUS 2012;
with better play.}) (13. Bg5 Bc8 14. Ne3 Be6 15. Bxf6 Bxf6 16. Bd5 Rb8 17. Nd2
Qd7 18. Bc4 Nxc4 19. dxc4 Bg5 20. Ndf1 g6 21. Nd5 f5 22. exf5 gxf5 23. Qh5 Qg7
{Davletbayeva,M (2220)-Kosintseva,T (2515)/Khanty-Mansiysk RUS 2012; with good
counterplay.}) (13. Ne3 Bc8 (13... Rb8 14. Nd2 Bc8 15. Bc4 $146 (15. Ndc4 {
Ue 81/(285)}) 15... Nxc4 16. dxc4 Be6 17. b3 Rb7 18. Rf1 Nd7 19. Qe2 Nb8 20.
Nd5 Nc6 21. Bb2 Bg5 {Svidler,P (2686)-Adams,M (2731)/Moscow (m/5) 2001; and
the position is completely equal.}) 14. c3 (14. Nc4 Nc6 $1 15. h3 Rb8 (15... h6
$5 {/\ Be6}) 16. Bd2 Ne8 $1 17. Ne3 Nc7 18. Nd5 Be6 19. Nxc7 $146 (19. c3 Bf6
$1 $15 {Lutz,C (2645)-Beliavsky,A (2650)/Deutschland 2002/Inf 87/[Beliavsky,A]}
) (19. Bc4 Na5 20. Nxc7 Bxc4 21. Nd5 Bxd5 22. exd5 c4 $1 $13) 19... Qxc7 20.
Bc4 Qc8 21. b3 h6 22. Bc1 f5 23. Qe2 f4 $15 24. Bb2 Kh7 25. Bxe6 Qxe6 26. Nh2
Bd8 (26... Qf7 $1 {/\ h5}) 27. Qf3 Qe8 {Hracek,Z (2601)-Beliavsky,A (2649)/
Deutschland 2003; Blacks counterplay looks to be very serious.}) 14... Rb8 15.
Nd2 $5 Be6 $11 16. Nd5 $6 Nxd5 17. exd5 Bd7 18. Nc4 Nxc4 19. Bxc4 a5 20. cxb4
$5 Rxb4 21. b3 Bg5 $1 $15 {0-1 Geller,E (2515)-Xie,J (2470)/Wien 1993/}) 13...
bxc3 ({It is not necessary to fix the pawn structure on the queenside:} 13...
Rb8 14. cxb4 $5 cxb4 15. Bd2 $1 Bc8 16. Rc1 Bg4 (16... Be6 17. Bxe6 fxe6 18. d4
exd4 19. Nxd4 Qd7 20. Qe2 Bd8 $1 (20... Rb6 21. Be3 $16) 21. Qxa6 Bb6 22. Be3
Bxd4 (22... Nxe4 23. Nxe6 Bxe3 24. Nxf8 Bxf2+ 25. Kh1 $16) 23. Bxd4 Nb3 24.
Rcd1 Ra8 25. Qc4 $16) 17. Ne3 Be6 $1 (17... b3 18. Nxg4 Nxg4 19. Bb1 Qb6 20.
Qe2 Nc6 21. Rc4 $16) (17... Bxf3 18. Qxf3 b3 19. Bb1 $16) 18. Bxe6 fxe6 19. Nc4
{Svidler,P (2765)-Jenni,F (2520)/Deutschland 2006/ White keeps a slight
advantage.}) 14. bxc3 Rb8 ({Black can start immediate operations:} 14... c4 15.
Ng3 cxd3 16. Qxd3 Bc8 17. Ba3 (17. Bg5 $5 Be6 18. Bxf6 Bxf6 19. Nf5 Nb7 20. Bd5
Nc5 21. Qd1 Rc8 22. Bxe6 Nxe6 23. Rc1 Qa5 24. Qxd6 Qxa4 $11 {Nisipeanu,L (2592)
-Solleveld,M (2457)/Santo Domingo 2003}) 17... Be6 $2 18. Bxe6 fxe6 19. Rad1
Ne8 (19... Qc8 20. Nxe5 Rd8 21. Qc2 $16) (19... Nb7 20. Qb1 Qc8 21. Qa2 Kh8 22.
Nxe5 $16) 20. Bb4 {Adams,M (2734)-Kamsky,G (2705)/Sofia 2007; and White keeps
small pressure.}) 15. Ng3 ({Always a very serious plan is to control the key
central square d5:} 15. Bg5 Bc6 16. Ne3) 15... Bc8 {A typical move to stop Nf5,
but a sharper approach can be tested here too with} (15... c4 $1) 16. d4 ({
Slower development would allow Black to reduce the activity of the opponent's
bishop on the important diagonal:} 16. Be3 Be6) 16... Qc7 {A classical setup,
as other typical ideas from the Chigorin System are not very logical here:} (
16... cxd4 17. cxd4 Nc6 18. h3 Bd7 19. Ba3) 17. h3 {It is very smart in the
Spanish not to play this move, but sooner or later it becomes clear that it is
a very useful move.} Re8 ({Nothing was wrong with the other typical setup:} 
17... g6 18. Bh6 Rd8 19. d5 c4) 18. Nh4 $6 {A very dubious move, but another
logical plan did not promise too much either:} (18. dxe5 dxe5 19. Nf5 c4 20.
Nxe7+ Qxe7 21. Rb1 Rxb1 22. Bxb1 Nb3 23. Bg5 Qd7) 18... g6 19. Bg5 c4 20. Qf3 (
{It was better to return the stupidly placed knight:} 20. Nf3) 20... Ng4 $5 (
20... Qd8 {was not very logical, but very solid:} 21. dxe5 dxe5 22. Rad1 Nd7
23. Bxe7 Qxe7) ({or} 20... Nd5 21. Bxe7 Nxe7 22. Qf6 Nb3 23. Rab1 Nc6) 21. Bxe7
Qxe7 22. Nxg6 ({Black would have a very comfortable position after} 22. Nhf5
gxf5 23. hxg4 fxg4 24. Qe2 Qf6 25. dxe5 dxe5 26. Bxc4 Nxc4 27. Qxc4 Rd8) 22...
hxg6 23. hxg4 Qh4 ({A very similar try was} 23... Nb3 24. Rad1 Qg5) 24. dxe5 ({
Black could create some attacking chances on the h-file after} 24. Reb1 Bxg4
25. Qe3 Nb3 26. Bxb3 cxb3 27. Ra3 Kg7) 24... dxe5 25. Qe3 Bxg4 26. Qc5 $6 ({
White is sligtly worse, so it was necessary to fight on the queen's flank:} 26.
Rab1 Nb3 27. Bxb3 cxb3 28. c4 $15) 26... Nb3 27. Qxc4 ({White is forced to
sacrifice an exchange, as the other option is very bad and passive:} 27. Bxb3
cxb3 28. Rab1 Qe7 29. Qd5 b2 30. Qd2 Red8 31. Qc2 Qa3 $19) 27... Be6 28. Qc7
Rbc8 29. Qb7 Rb8 ({Once more} 29... Nxa1) 30. Qa7 Ra8 31. Qe3 ({Or} 31. Qb7
Nxa1 32. Bxe6 fxe6 33. Rxa1 Qe7 $17) 31... Nxa1 32. Rxa1 Bxa2 33. Rxa2 Red8 {
Now White's situation is simply hopeless.} 34. Ra1 Rd7 35. Qc5 Qf4 36. Nf1 Qxe4
37. Ne3 Rb8 38. c4 Rdb7 39. Rf1 Rb1 40. f3 Rxf1+ 41. Kxf1 Rb1+ 42. Kf2 Rb2+ 43.
Kg3 Qf4+ 44. Kh3 Rb1 45. g3 Qxf3 0-1

[Event "Khanty-Mansiysk FIDE GP"]
[Site "Khanty-Mansiysk"]
[Date "2015.05.24"]
[Round "9"]
[White "Svidler, Peter"]
[Black "Tomashevsky, Evgeny"]
[Result "0-1"]
[WhiteElo "2734"]
[BlackElo "2749"]
[Annotator "Mikhalchishin,A"]
[PlyCount "84"]
[EventDate "2015.05.14"]
[EventType "tourn"]
[EventRounds "11"]
[EventCountry "RUS"]
[EventCategory "21"]
[SourceTitle "CBM 167"]
[Source "ChessBase"]
[SourceDate "2015.07.13"]
[SourceVersion "1"]
[SourceVersionDate "2015.07.13"]
[SourceQuality "1"]

1. e4 {[%emt 0:00:03]} e5 {[%emt 0:00:09]} 2. Nf3 {[%emt 0:00:03]} Nc6 {
[%emt 0:00:08]} 3. Bb5 {[%emt 0:00:03]} a6 {[%emt 0:00:09]} 4. Ba4 {[%emt 0:00:
02]} Nf6 {[%emt 0:00:10]} 5. O-O {[%emt 0:00:05]} Be7 {[%emt 0:00:09]} 6. Re1 {
[%emt 0:00:02]} b5 {[%emt 0:00:13]} 7. Bb3 {[%emt 0:00:02]} O-O {[%emt 0:00:10]
} 8. a4 {[%emt 0:00:06]} Bb7 {[%emt 0:00:24]} 9. d3 {[%emt 0:00:06]} d6 {
[%emt 0:00:24]} 10. Nbd2 {[%emt 0:00:05]} Na5 {[%emt 0:00:33]} 11. Ba2 {
[%emt 0:00:04]} c5 {[%emt 0:00:10]} 12. Nf1 {[%emt 0:00:03] This line is a
speciality of Tomashevsky. Other ways which have been tried against him:} (12.
c3 c4 (12... Qc7 13. Nf1 c4 14. Ng3 Rfe8 15. Nf5 Bf8 16. Bg5 Nd7 17. Nd2 Nc5 {
Caruana,F (2770)-Tomashevsky,E (2738)/Moscow 2012, with very good play.}) 13.
b4 cxb3 14. Nxb3 bxa4 15. Nbd2 Bc6 16. Ba3 Rc8 17. Bb4 Bd7 18. Nf1 Nc6 {
Svidler,P (2732)-Tomashevsky,E (2701)/Baku AZE 2014, Black has absolutely no
problems.}) 12... bxa4 $1 {[%emt 0:00:40] After years of great practice
Tomashevsky came to this move as the best solution to decrease the tension on
the queenside.} (12... b4 13. c3 Rb8 14. cxb4 cxb4 15. Bd2 Bc8 16. Rc1 b3 17.
Bxa5 Qxa5 18. Bxb3 Bg4 19. N1d2 Nd7 20. Rb1 Nc5 {Svidler,P (2750)-Tomashevsky,
E (2595)/Moscow 2006/, with sufficient compensation for the pawn.}) (12... Re8
13. Ng3 g6 14. Ng5 c4 15. Bd2 d5 16. exd5 Nxd5 17. Rxe5 Nc6 18. Re1 Ndb4 19.
dxc4 Nxa2 20. Rxa2 bxc4 21. Nf3 Nb4 {Svidler,P (2727)-Tomashevsky,E (2646)/
Moscow 2008, once more with good compensation for the pawn.}) 13. Ne3 {[%emt 0:
00:34]} Bc6 {[%emt 0:01:19]} ({A few years before he tested} 13... Bc8 14. Nh4
(14. Bd2 Bd7 15. Bxa5 Qxa5 16. c3 Rab8 17. Bb3 Qb6 18. Bxa4 Bxa4 19. Qxa4 Qxb2
20. Qxa6 Qxc3 21. Nf5 Rfe8 22. Nxe7+ Rxe7 23. Qxd6 {Dominguez Perez,L (2726)
-Tomashevsky,E (2716)/Tbilisi GEO 2015, Black has still some problems.}) 14...
g6 15. Nf3 Bd7 16. Nd5 Nxd5 17. Bxd5 Rb8 18. Bh6 Re8 19. Qd2 Bc6 20. Bxc6 Nxc6
21. c3 Qd7 22. Qc2 a5 23. Rxa4 Red8 {Giri,A (2776)-Tomashevsky,E (2749)/
Khanty-Mansiysk RUS 2015 (58), Black has no problems here,.}) 14. Nf5 {[%emt 0:
25:18]} (14. Nh4 {was not logical here:} Bd7 (14... g6 $5) 15. Nhf5 Rb8 16. Qf3
Kh8 17. Qg3 Nh5 18. Qg4 g6 19. Qf3 Nc6 20. c3 Nf4 21. Nxe7 Qxe7 22. Nd5 Nxd5
23. Bxd5 f6 {Caruana,F (2844)-Tomashevsky,E (2701)/Baku AZE 2014, Black
obtained a very good position.}) 14... Bd7 {[%emt 0:06:27]} 15. N3h4 {[%emt 0:
02:10]} Kh8 {[%emt 0:00:18]} (15... Ne8 {is playable:} 16. Nxe7+ Qxe7 17. Nf5
Bxf5 18. exf5 Qd7 19. Qf3 Rb8 20. Bd5 Nf6 21. Bd2 Nxd5 22. Qxd5 Nc6 {Rysbayeva,
A (2219)-Dogodkina,J (2066)/Voronezh 2010, and White is the only one who can
be facing problems.}) 16. f4 {[%emt 0:09:07]} ({The other option is} 16. Bg5
Nc6 17. Re3 Nd4 18. Nxe7 Qxe7 19. c3 h6 20. cxd4 hxg5 21. Nf5 Bxf5 22. exf5
cxd4 {Umudova,N (2235)-Rzayev,B (2370)/Baku 2012, White has no real attack.})
16... Nc6 {[%emt 0:10:11]} 17. c3 {[%emt 0:14:07]} Rb8 {[%emt 0:06:20]} 18. Rf1
{[%emt 0:12:21]} ({Much more logical was} 18. Nf3 exf4 19. Bxf4 Rxb2 20. Qc1 a3
21. Nxe7 Qxe7 22. Bc4) 18... exf4 $1 {[%emt 0:28:15]} 19. Rxf4 {[%emt 0:00:28]}
Ne5 {[%emt 0:02:47]} 20. Nxe7 {[%emt 0:02:54]} Qxe7 {[%emt 0:01:00]} 21. Nf5 {
[%emt 0:00:02]} Bxf5 $1 {[%emt 0:12:49] This knight has to be eliminated
immediately.} 22. Rxf5 {[%emt 0:00:32]} c4 $1 {[%emt 0:03:36] With this move
Black starts destroying his opponent's central pawn structure.} 23. Bxc4 $6 {
[%emt 0:13:26]} ({White evaluated a forced line as clearly better for Black:} 
23. d4 Nd3 24. Bxc4 Nxb2 25. Bxb2 Rxb2 26. Qf3 Rfb8 27. Bd3 {, but it was
still better than the game.}) 23... Qa7+ {[%emt 0:09:47]} 24. d4 $6 {[%emt 0:
09:52] White tries tactical counterplay.} ({Black has a very strong central
position after} 24. Kf1 Nxc4 25. dxc4 Nxe4 26. Rxa4 Rfe8) 24... Nxc4 {[%emt 0:
01:34]} 25. Qf1 {[%emt 0:00:07]} a3 $1 {[%emt 0:07:04]} 26. bxa3 {[%emt 0:01:
24]} Nxe4 $1 {[%emt 0:00:32] It is much better to give the piece back than to
try to keep it. The sacrifice on f6 was very unpleasant.} 27. Qxc4 {[%emt 0:00:
40]} Rbc8 {[%emt 0:00:26]} 28. Qd3 {[%emt 0:00:03]} Nxc3 {[%emt 0:00:44]} 29.
Be3 {[%emt 0:00:04]} ({Some slight drawing chances were kept in the endgame
after} 29. Bd2 Qxd4+ 30. Qxd4 Ne2+ 31. Kf2 Nxd4 32. Rd5 Nc2 33. Ra2 Rc6 34. Bf4
) 29... Rfe8 {[%emt 0:06:31]} 30. Raf1 {[%emt 0:02:48]} f6 $1 {[%emt 0:00:10]
Now White's powerful looking rooks are completely useless!} 31. Ra5 {[%emt 0:
10:18]} Qb7 {[%emt 0:05:54]} 32. Rf3 {[%emt 0:02:55]} Qb2 $1 {[%emt 0:06:08]
Now Black is ready to hunt the white king.} 33. h3 {[%emt 0:01:16]} Ne4 {
[%emt 0:00:30]} 34. Rxa6 {[%emt 0:03:20]} d5 $1 {[%emt 0:00:04] The pawns are
equal now, but the black pieces are excellently placed. The rook threatens to
enter the second rank.} 35. Ra5 {[%emt 0:01:15]} Rc2 {[%emt 0:00:09]} 36. Qf1 {
[%emt 0:00:02]} Qa2 $1 {[%emt 0:00:40]} 37. Kh2 {[%emt 0:00:38]} h6 $1 {
[%emt 0:00:52] Extremely precise technical play. Now the back rank is not weak
and the rook from e8 is ready to come to the first rank via the b-file.} 38.
Rf5 {[%emt 0:00:30]} Rb8 {[%emt 0:00:59]} (38... Re2 {was simpler:} 39. Bxh6
gxh6 40. Rxf6 Rxg2+ 41. Qxg2 Qxg2+ 42. Kxg2 Nxf6) 39. Raxd5 {[%emt 0:01:02]} (
39. Rh5 {was slightly more complicated:} Kg8 40. Rh4 g5 41. Rxh6 Rxg2+ 42. Qxg2
Rb2) 39... Rxg2+ {[%emt 0:01:31]} ({And here a much simpler way was} 39... Rbb2
{, but in such positions there are different ways to win.}) 40. Qxg2 {[%emt 0:
00:00]} Rb2 {[%emt 0:00:00]} 41. Bf2 Nxf2 {[%emt 0:02:22]} 42. Kg3 {[%emt 0:04:
42]} Rb3+ {[%emt 0:11:34]} 0-1

[Event "FIDE-Wch"]
[Site "San Luis"]
[Date "2005.10.11"]
[Round "12"]
[White "Kasimdzhanov, Rustam"]
[Black "Adams, Michael"]
[Result "1/2-1/2"]
[WhiteElo "2670"]
[BlackElo "2719"]
[Annotator "Mikhalevski,V"]
[PlyCount "95"]
[EventDate "2005.09.28"]
[EventType "tourn"]
[EventRounds "14"]
[EventCountry "ARG"]
[EventCategory "20"]
[SourceTitle "CBM 110"]
[Source "ChessBase"]
[SourceDate "2006.01.31"]
[SourceVersion "1"]
[SourceVersionDate "2006.01.31"]
[SourceQuality "1"]

1. e4 e5 2. Nf3 Nc6 3. Bb5 a6 4. Ba4 Nf6 5. O-O Be7 6. Re1 b5 7. Bb3 O-O 8. a4
{Since White is short of constructive ideas in the Marshall he's trying to
deviate from it with either move in the text or with 8.h3. Each of these moves
was tested in San Luis three times and for the moment the statistics is on the
side of 8.h3.} Bb7 ({Both Svidler and Anand preferred} 8... b4 {and both games
were played simultaneously in the 10th round.} 9. d3 d6 10. a5 Be6 11. Nbd2 Rb8
(11... Qc8 12. Nc4 h6 13. c3 Rb8 14. d4 Bg4 15. Ba4 Qb7 16. d5 Na7 17. Ne3 Bc8
18. Qd3 Ng4 19. c4 ({It seems that White could develop an unpleasant pressure
by means of} 19. cxb4 $5 Qxb4 20. Bd2 Qb7 21. Rac1 $14) 19... Nxe3 20. Bxe3 c5
21. dxc6 Nxc6 22. Qd5 Bd7 23. c5 dxc5 24. Bxc5 Bxc5 25. Qxc5 Rfc8 {1/2-1/2
Leko,P-Svidler,P/San Luis ARG 2005 (36) and Svidler succeeded to maintain the
balance.}) 12. Nc4 h6 13. h3 Qc8 {It's interesting that this position was
reached in both games by transposition of moves and only here Leko and Adams
went their own way.} 14. Be3 Rd8 15. Qe2 Bf8 16. Nfd2 Ne7 17. d4 Ng6 18. d5 Bd7
19. Ba4 Bb5 20. b3 Be7 21. Rec1 c6 $1 {and soon Black equalized. 1/2-1/2 Adams,
M-Anand,V/San Luis ARG 2005 (25). (24)}) 9. d3 d6 10. Nbd2 Qd7 $5 {[%cal Gc6a5]
Black prepares Na5.} (10... Na5 11. Ba2 c5 {leads to Chigorin's-like setup.})
11. c3 {[%cal Gb3c2]} Rfe8 12. Nf1 h6 13. Ne3 {[%csl Gd5,Gf5]} ({The new World
Champion played} 13. Ng3 {though back then he was just a top GM.} Na5 14. Bc2
c5 15. d4 Bf8 16. d5 c4 17. Be3 Qc7 18. Nd2 Bc8 19. h3 Bd7 20. Qf3 Be7 21. Ra2
Reb8 22. axb5 axb5 23. Rea1 $14 {1/2-1/2 Topalov,V-Adams,M/Wijk aan Zee 2004.})
13... Na5 {Black has to move the knight to adjust the pawn structure on the
queenside, although earlier the knight went in a different direction. The move
in the text looks pretty logical as it wins a tempo.} ({Three preceding games
saw} 13... Nd8 {In all of them Black's position was defended by the English GM
Mark Hebden.} 14. Nf5 (14. axb5 axb5 15. Rxa8 Bxa8 16. Nf5 Bf8 17. N3h4 Ne6 18.
Re3 $6 (18. Qf3 $5 {see Zhang Zhong-Hebden below.}) 18... d5 19. Rg3 Kh8 {
0-1 Hurn,R-Hebden,M/Newport 2004. and Black seized the initiative.}) 14... Bf8
15. N3h4 Kh8 16. axb5 (16. Qf3 Ng8 17. Qg4 (17. Ng3 $5) 17... Ne6 18. Ng3 Nf6
19. Qf3 Ng8 20. Qg4 Nf6 21. Qf3 Ng8 {1/2-1/2 Apicella,M-Hebden,M/Clichy 2001/
CBM 85 (21).}) 16... axb5 17. Rxa8 Bxa8 18. Qf3 Ng8 19. Ne3 Ne6 20. Nhf5 $14 {
1/2-1/2 Zhang Zhong-Hebden,M/Hastings 2002/CBM 087 (53) Probably Adams didn't
like this passive position and that was one of the reasons for playing 13...
Na5.}) 14. Bd5 {The idea behind 13.Ne3. White wants to exploit an unfortunate
position of the knight on a5.} ({In case of} 14. Bc2 c5 {the knight would be
better placed on g3.}) 14... Bxd5 {Black wants to exchange the d5-pawn later
on by means of c6 and thus to obtain a nice position. White has to hurry up
and that's exactly what he is doing.} ({After} 14... c6 15. Ba2 c5 16. b4 cxb4
17. cxb4 Nc6 18. Bd2 $14 {White is slightly better thanks to the control of
the d5-square.}) 15. exd5 Nb7 ({In case of the immediate} 15... c6 16. b4 Nb7
17. dxc6 Qxc6 18. c4 {the tension on the queenside is in White's  favour.
Moreover the knight on b7 is restricted by the b4-pawn.}) 16. d4 {White forces
the e-pawn to e4 and then cuts it off the other pawns.} ({Now} 16. b4 {trying
to restrict the b7-knight can be answered by} a5 17. axb5 axb4 (17... Qxb5 $5)
18. Rxa8 Rxa8 19. c4 Nc5) 16... e4 17. Nd2 c6 18. dxc6 Qxc6 19. axb5 axb5 20.
d5 $1 {[%csl Re4] A strong move which was probably underestimated by Adams.}
Qc7 ({In case of} 20... Nxd5 21. Rxa8 Rxa8 22. Nf5 $1 {[%cal Gd2e4] The
key-move. Instead of exchanging the knights White develops a strong initiative.
} ({Worse is} 22. Nxd5 Qxd5 23. Nxe4 Qxd1 24. Rxd1 Ra1) 22... e3 (22... Bg5 23.
Nxe4 Bxc1 24. Qd4 $1 f6 25. Rxc1 $14) 23. fxe3 Re8 24. Qf3 {[%csl Rc6,Rf7]
[%cal Gf3c6] with a very unpleasant pressure along the f-file and the
a8-h1-diagonal.}) 21. Rxa8 Rxa8 22. Qe2 {[%csl Rb5]} (22. Nf5 {doesn't reach
the goal in view of} Nc5) 22... Nc5 $1 {The only way to create counterplay.}
23. Qxb5 Nd3 24. Rd1 Ra5 25. Qc4 $6 {An inaccuracy.} (25. Qb3 $1 {[%cal Gc3c4]
was probably the only chance to fight for advantage. This way White keeps the
c4-square available for the c-pawn.} Qa7 26. c4 Ra1 27. Qc3 $14 {with the idea
of Nb3.}) (25. Qc6 $6 Qb8 $1 26. Ndc4 Rc5 27. Qb6 Qa8 $1 {winning back the
d5-pawn.}) 25... Qb7 $6 {For some reason Adams decided to go for an endgame a
pawn down instead of winning it back right away.} ({The simple} 25... Qxc4 {
was sufficient for equality.} 26. Ndxc4 (26. Nexc4 Rxd5 (26... Ra4 $5 {with
the idea of Nxd5.}) 27. Ne3 Rb5 28. Nxe4 Nxc1 29. Nxf6+ Bxf6 30. Rxc1 Rxb2 $11)
26... Ra1 27. Bd2 Rxd1+ 28. Nxd1 Nxd5 $11) 26. Nxe4 Nxc1 27. Rxc1 $1 (27. Nxf6+
{allows to activate the bishop. F.e.} Bxf6 28. Rxc1 Qxb2 29. Qf1 Bg5 $1 {
and Black obtains counterplay.} (29... Bxc3 $2 30. Nc4 Qxc1 31. Qxc1 Ra1 32.
Qxa1 Bxa1 33. Nxd6 $16) 30. Nc4 $6 (30. c4 {is better.}) 30... Bxc1 $1 31. Nxb2
$2 (31. Nxa5 Qxc3 $11) 31... Bxb2 $19 {with Ra1 coming and Black even wins.})
27... Qxb2 ({After} 27... Nxd5 $6 28. Nxd5 Rxd5 29. b4 $16 {Black is just a
pawn down.}) 28. Rf1 (28. Qc8+ Kh7 29. Rf1 Nxe4 30. Qf5+ Kg8 31. Qxe4 {
reaching the game position two moves later seems to be more precise as on the
way White prevents the option 28...Qb7.}) 28... Nxe4 (28... Qb7 {is not much
different from the text.} 29. Rd1 Nxe4 30. Qxe4 Qc7 31. c4 Bf6) 29. Qxe4 Ra7
30. c4 $16 (30. Nf5 {looks senseless in view of} Bf8 31. c4 g6) 30... g6 {
Covering the f5-square. It turns out that in the arisen position it is not
easy for White to make progress despite an extra pawn.} 31. g3 Kg7 32. Rb1 Ra1
33. Rxa1 Qxa1+ 34. Kg2 Bf6 {Now Black just has to avoid an exchange of queens.}
35. Qd3 ({White could try an immediate agression on the kingside, but after} 
35. h4 h5 36. g4 $1 hxg4 37. Qxg4 Qe5 38. h5 $1 Bg5 $1 39. hxg6 fxg6 40. Qd7+
Kf8 {Black seems to hold the balance.}) 35... Qb2 36. Nc2 h5 37. h4 Kf8 38. Qe4
Qb1 {Black exploits an unfortunate position of the knight on c2.} 39. Qe2 Qb2
40. Qd3 Qb1 41. Qf3 Be5 42. Ne3 Bd4 {During the last few moves Black succeeded
to improve the position and White tries his very last chance.} 43. g4 hxg4 44.
Nxg4 Qc1 $1 {Black covers the f4-square and thus stops the only serious threat
of Qf4.} (44... Qc2 $2 45. Qf4 $1 Bc5 46. Nf6 $16) 45. Qd3 Ba7 {The bishop is
on the right diagonal, the c-pawn stopped, White's king is vulnerable: all
these factors allow us to evaluate the position as equal.} 46. Ne3 ({Also after
} 46. Qe4 Qd2 47. Ne3 Bc5 {White can't hope for anything serious.}) 46... Bxe3
$1 47. fxe3 Qe1 $11 {Now White's king can't escape the checks without giving
up a pawn and so after} 48. Qd4 {[%csl Rg2] a draw was agreed.} 1/2-1/2